| 000 | 01036nac a22002891i 4500 | ||
|---|---|---|---|
| 003 | EG-ScBUE | ||
| 005 | 20230726114237.0 | ||
| 008 | 230726s1964 nyu f b 000 0 eng d | ||
| 035 | _a(OCoLC)1025056 | ||
| 040 |
_aEG-ScBUE _beng _erda _cEG-ScBUE _dEG-ScBUE |
||
| 082 | 0 | 4 |
_a915.6 _bGRU _222 |
| 100 | 1 |
_aGrunebaum, Gustave E. von _q(Gustave Edmund), _d1909-1972 _eauthor. |
|
| 245 | 1 | 0 |
_aModern Islam : _bthe search for cultural identity / _cG. E. Von Grunebaum. |
| 250 | _aFirst edition. | ||
| 264 | 1 |
_aNew York : _bVintage Books, _c1964. |
|
| 300 |
_a407 pages : _c24 cm |
||
| 336 |
_2rdacontent _atext _btxt |
||
| 337 |
_2rdamedia _aunmediated _bn |
||
| 338 |
_2rdacarrier _avolume _bnc |
||
| 500 | _aArticles by the author, which have appeared previously in various collections. | ||
| 504 | _aIncludes bibliographical references. | ||
| 650 | 7 |
_aCivilization, Islamic. _2BUEsh |
|
| 650 | 7 |
_aNationalism _zArab countries. _2BUEsh |
|
| 655 | _vReading book | ||
| 942 |
_cBB _2ddc |
||
| 999 |
_c1822 _d1822 |
||